Las antiguas culturas del perú /
Guardado en:
| Autor Principal: | |
|---|---|
| Formato: | Libro |
| Publicado: |
México :
Fondo de Cultura Económica,
1962
|
| Materias: | |
| Etiquetas: |
Agregar Etiqueta
Sin Etiquetas, Sea el primero en etiquetar este registro!
|
| LEADER | 00627nam a22001935a 4500 | ||
|---|---|---|---|
| 001 | CEM.cems004216 | ||
| 005 | 20100304121511.0 | ||
| 008 | 130507s1962##################000#0#####d | ||
| 003 | CEMS | ||
| 082 | 0 | 4 | |a 980.01 |
| 100 | 1 | |a Mason, J. Alden | |
| 245 | 1 | 0 | |a Las antiguas culturas del perú / |c J. Alden Mason |
| 260 | |a México : |b Fondo de Cultura Económica, |c 1962 | ||
| 300 | |a 316 p. | ||
| 505 | 0 | |a La geografía y el hombre -- Historia de la cultura peruana -- Los Incas -- Artes y oficios | |
| 653 | |a Historia | ||
| 653 | |a Historia precolombina | ||
| 653 | |a Incas | ||
| 859 | |a CEMS |b BIB. CEMS - 11 de abril |h 980.01 |i M381 |p 5008.76 |t Ej.1 | ||
